<?xml version="1.0" encoding="UTF-8"?><?xml-stylesheet type="text/xsl" href="static/style.xsl"?><OAI-PMH xmlns="http://www.openarchives.org/OAI/2.0/" xmlns:xsi="http://www.w3.org/2001/XMLSchema-instance" xsi:schemaLocation="http://www.openarchives.org/OAI/2.0/ http://www.openarchives.org/OAI/2.0/OAI-PMH.xsd"><responseDate>2026-04-13T15:12:06Z</responseDate><request verb="GetRecord" identifier="oai:www.recercat.cat:2445/228418" metadataPrefix="marc">https://recercat.cat/oai/request</request><GetRecord><record><header><identifier>oai:recercat.cat:2445/228418</identifier><datestamp>2026-04-07T19:13:07Z</datestamp><setSpec>com_2072_1057</setSpec><setSpec>col_2072_478917</setSpec><setSpec>col_2072_478933</setSpec></header><metadata><record xmlns="http://www.loc.gov/MARC21/slim" xmlns:dcterms="http://purl.org/dc/terms/" xmlns:xsi="http://www.w3.org/2001/XMLSchema-instance" xmlns:doc="http://www.lyncode.com/xoai" xsi:schemaLocation="http://www.loc.gov/MARC21/slim http://www.loc.gov/standards/marcxml/schema/MARC21slim.xsd">
   <leader>00925njm 22002777a 4500</leader>
   <datafield ind2=" " ind1=" " tag="042">
      <subfield code="a">dc</subfield>
   </datafield>
   <datafield ind2=" " ind1=" " tag="720">
      <subfield code="a">Díaz Torres, Raúl</subfield>
      <subfield code="e">author</subfield>
   </datafield>
   <datafield ind2=" " ind1=" " tag="720">
      <subfield code="a">Menelaou, Melita</subfield>
      <subfield code="e">author</subfield>
   </datafield>
   <datafield ind2=" " ind1=" " tag="720">
      <subfield code="a">González-Campo, Arántzazu</subfield>
      <subfield code="e">author</subfield>
   </datafield>
   <datafield ind2=" " ind1=" " tag="720">
      <subfield code="a">Teat, Simon J.</subfield>
      <subfield code="e">author</subfield>
   </datafield>
   <datafield ind2=" " ind1=" " tag="720">
      <subfield code="a">Sañudo Zotes, Eva Carolina</subfield>
      <subfield code="e">author</subfield>
   </datafield>
   <datafield ind2=" " ind1=" " tag="720">
      <subfield code="a">Soler, Mònica</subfield>
      <subfield code="e">author</subfield>
   </datafield>
   <datafield ind2=" " ind1=" " tag="720">
      <subfield code="a">Aliaga-Alcalde, Núria</subfield>
      <subfield code="e">author</subfield>
   </datafield>
   <datafield ind2=" " ind1=" " tag="260">
      <subfield code="c">2026-03-23T13:39:57Z</subfield>
   </datafield>
   <datafield ind2=" " ind1=" " tag="260">
      <subfield code="c">2026-03-23T13:39:57Z</subfield>
   </datafield>
   <datafield ind2=" " ind1=" " tag="260">
      <subfield code="c">2016-09-01</subfield>
   </datafield>
   <datafield ind2=" " ind1=" " tag="260">
      <subfield code="c">2026-03-23T13:39:58Z</subfield>
   </datafield>
   <datafield ind2=" " ind1=" " tag="520">
      <subfield code="a">Two novel 1D coordination chains containing the curcuminoid (CCMoid) ligand 9Accm have been characterized: [CoII(9Accm)2(4,4´-bpy)]n (1) and [NiII(9Accm)2(4,4´-bpy)]n (2). The two compoundsweresynthesizedbysolvothermalandmicrowave (MW) assistedtechniques, respectively, and crystals of both systems were directly obtained from the mother solutions. Crystal structures of 1 and 2 prove that both systems are isostructural, with the ligands in a trans configuration. The two chains have been magnetically characterized in solution by paramagnetic 1H NMR, where 1 displayed typical features from CoII systems, with spread out signals; meanwhile, 2 showed diamagnetic behaviour. The dissociation of the latest in solution and the stability of the “[Ni(9Accm)2]” unit were proved by further experiments in C5D5N. Additional UV-Vis absorption and fluorescence studies in solution were performed using exclusively 1. In the solid state MT vs. T and M/N B vs. H/T data were collected and fitted for 1 and 2; both systems display Ising plane anisotropy, with significant Dvalues. System 1 presented slow relaxation of the magnetization, displaying frequency dependence in the in-phase/out-phase ac magnetic susceptibility data, when an external dc field of 0.2 T was applied. Finally, 1 was deposited on a HOPG (highly oriented pyrolytic graphite) substrate by spin-coating and analysed by AFM.</subfield>
   </datafield>
   <datafield ind2="0" ind1="0" tag="245">
      <subfield code="a">Comparative Magnetic Studies in the Solid State and Solution of Two Isostructural 1D Coordination Polymers Containing Co&lt;sup>II&lt;/sup>/Ni&lt;sup>II&lt;/sup>-Curcuminoid Moieties</subfield>
   </datafield>
</record></metadata></record></GetRecord></OAI-PMH>